| 000 | 00436nam a2200169Ia 4500 | ||
|---|---|---|---|
| 005 | 20240823055842.0 | ||
| 008 | 240823s9999||||xx |||||||||||||| ||und|| | ||
| 041 | _aENGLISH | ||
| 082 | _A540 Q3 | ||
| 100 | _aPratiyogita Darpan | ||
| 245 | 0 | _aChemical Science CSIR-UGC NET/JRF Exam Solved Papers | |
| 250 | _a1st | ||
| 260 |
_c2013 _bUpkar Prakashan |
||
| 500 | _aTRANSFERED | ||
| 650 |
_aChemical Science _bGeneral |
||
| 942 | _cBK | ||
| 999 |
_c229756 _d229756 |
||